[Event "Remote Random-173 email"]
[Site "Remote email"]
[Date "2014.01.21"]
[Round "?"]
[White "Klebe, Dieter"]
[Black "Langschmidt, Dirk"]
[Result "0-1"]
[WhiteElo "1595"]
[BlackElo "1980"]
[PlyCount "50"]
[EventDate "2014.??.??"]
[EventType "tourn (corr)"]
[EventRounds "14"]
[EventCountry "GER"]
[SourceTitle "Corr 2015"]
[Source "ChessBase"]
[SourceDate "2015.07.17"]
[SourceVersion "1"]
[SourceVersionDate "2015.07.17"]
[SourceQuality "1"]

1. Nf3 Nf6 2. c4 c5 3. g3 b6 4. Bg2 Bb7 5. b3 e6 6. 0-0 Be7 7. Bb2 0-0 8. Nc3 d6 9. Nh4 Qc8 10. Bxb7 Qxb7 11. e3 Nc6 12. d4 Rad8 13. d5 Ne5 14. dxe6 fxe6 15. f4 Neg4 16. Nb5 Nxe3 17. Qe2 Nxf1 18. Qxf1 d5 19. f5 exf5 20. Nxf5 d4 21. Nxe7+ Qxe7 22. a4 Qe3+ 23. Kh1 Ne4 24. Qh3 Nf2+ 25. Kg2 Qf3+ 0-1